000
00277nam a22001097a 4500
008
210304b ||||| |||| 00| 0 eng d
082
_a
342.54 KNO
245
_a
Know your Constitution
260
_a
Thimphu :
_b
Kuensel Corporation,
_c
2019.
300
_a
62 p.
_c
21 cm.
942
_2
ddc
999
_c
8657
_d
8658